000 00679nam a2200229Ia 4500
999 _c49859
_d49859
001 16794
003 GE_BSU
005 20200130170627.0
008 181216s2006||||fr |||||||||||||| ||fre||
020 _a9782011554437
040 _cfre
080 _a811.133.1 B-45
100 _aBerthet ,Annie.
_96549
245 _aAlter Ego A2 :
_bMethode de Frangais.2 /
_cAnnie Berthet ; Catherine Hugot.
260 _aParis :
_bHachette,
_c2006.
300 _a126 p.
_bill .:
_c 28 cm.
653 _aAlter Ego. Methode de Frangais
653 _aგრამატიკა
653 _aფრანგული ენა
700 _aHugot, Catherine
_96550
942 _cBK
_2udc